Statistics for US State by Cities (More Difficult)

Click here to take the quiz!

General Stats

  • This quiz has been taken 268 times
  • The average score is 12 of 25

Answer Stats

Cities State % Correct
Ithaca, Yonkers, Long BeachNew York
95%
Aiea, Sunset Beach, HaikuHawaii
84%
Rogers, Texarkana, Pine BluffArkansas
84%
Joliet, Cairo, SchaumburgIllinois
78%
Lynchburg, Petersburg, LeesburgVirginia
70%
Marietta, Parma, SanduskyOhio
70%
Dubuque, Keokuk, West BranchIowa
63%
Newton, Foxborough, BeverlyMassachusetts
57%
Broomfield, Castle Rock, DurangoColorado
57%
Ste. Genevieve, Hannibal, Cape GirardeauMissouri
54%
Vermillion, Brookings, SturgisSouth Dakota
52%
Natchez, Yazoo City, PascagoulaMississippi
51%
Bemidji, Mankato, BrainerdMinnesota
46%
Bartlesville, Boise City, Broken BowOklahoma
44%
Darien, Cheshire, StratfordConnecticut
41%
Olathe, Hays, PittsburgKansas
39%
Havre de Grace, Burkittsville, SharpsburgMaryland
32%
Issaquah, Federal Way, PascoWashington
32%
Dewey Beach, Fenwick Island, SmyrnaDelaware
31%
South Jordan, American Fork, BluffdaleUtah
30%
Gretna, Bossier City, RustonLouisiana
27%
Hailey, Ketchum, Bonners FerryIdaho
22%
Jamestown, Mandan, Devils LakeNorth Dakota
21%
Angel Fire, Chama, Pie TownNew Mexico
20%
Cleveland, Brentwood, MaryvilleTennessee
19%

Score Distribution

Percentile by Number Answered

Percent of People with Each Score

Your Score History

You have not taken this quiz